Hablar de Dios resulta peligroso : (Registro nro. 25638)
[ vista simple ]
| 000 -LEADER | |
|---|---|
| fixed length control field | 01476cam a2200373 i 4500 |
| 001 - CONTROL NUMBER | |
| control field | 25638 |
| 003 - CONTROL NUMBER IDENTIFIER | |
| control field | Mx-PuUPA |
| 005 - DATE AND TIME OF LATEST TRANSACTION | |
| control field | 20260227095057.0 |
| 008 - FIXED-LENGTH DATA ELEMENTS--GENERAL INFORMATION | |
| fixed length control field | 140415s2009 sp gr 001 0 spa d |
| 017 ## - COPYRIGHT OR LEGAL DEPOSIT NUMBER | |
| Copyright or legal deposit number | B-36.179-2009 |
| 020 ## - INTERNATIONAL STANDARD BOOK NUMBER | |
| International Standard Book Number | 9788425415432 |
| 040 ## - CATALOGING SOURCE | |
| Transcribing agency | Mx-PuUPA |
| Original cataloging agency | Mx-PuUPA |
| Language of cataloging | spa |
| Modifying agency | Mx-PuUPA |
| Description conventions | rda |
| 041 1# - LANGUAGE CODE | |
| Language code of text/sound track or separate title | spa |
| Language code of original | ger |
| 043 ## - GEOGRAPHIC AREA CODE | |
| Geographic area code | e-ur--- |
| 100 1# - MAIN ENTRY--PERSONAL NAME | |
| Personal name | Goricheva, Tatiana, |
| Dates associated with a name | 1947- |
| Relator term | autor |
| 9 (RLIN) | 17866 |
| 240 1# - UNIFORM TITLE | |
| Uniform title | Von Gott zu reden ist gefährlich. |
| Language of a work | Español |
| 245 10 - TITLE STATEMENT | |
| Title | Hablar de Dios resulta peligroso : |
| Remainder of title | mis experiencias en Rusia y en Occidente / |
| Statement of responsibility, etc. | Tatiana Góricheva ; traducción, Claudio Gancho |
| 250 ## - EDITION STATEMENT | |
| Edition statement | 3a. edición |
| 264 #1 - PRODUCTION, PUBLICATION, DISTRIBUTION, MANUFACTURE, AND COPYRIGHT NOTICE | |
| Place of production, publication, distribution, manufacture | Barcelona, España : |
| Name of producer, publisher, distributor, manufacturer | Herder Editorial, |
| Date of production, publication, distribution, manufacture, or copyright notice | [2009?] |
| -- | ©1986 |
| 300 ## - PHYSICAL DESCRIPTION | |
| Extent | 142 páginas ; |
| Dimensions | 20 cm |
| 336 ## - CONTENT TYPE | |
| Fuente | rdacontent |
| Content type term | texto |
| Content type code | txt |
| 337 ## - MEDIA TYPE | |
| Source | rdamedia |
| Media type term | sin medio |
| Media type code | n |
| 338 ## - CARRIER TYPE | |
| Source | rdacarrier |
| Carrier type term | volumen |
| Carrier type code | nc |
| 500 ## - GENERAL NOTE | |
| General note | Reimpresiones: (2a. reimpresión). |
| 600 #4 - SUBJECT ADDED ENTRY--PERSONAL NAME | |
| Personal name | Goricheva, Tatiana |
| General subdivision | Biografía |
| 650 #7 - SUBJECT ADDED ENTRY--TOPICAL TERM | |
| Source of heading or term | armarc |
| 9 (RLIN) | 13986 |
| Topical term or geographic name entry element | Iglesia Ortodoxa oriental |
| Geographic subdivision | Unión Soviética |
| General subdivision | Historia |
| Chronological subdivision | Siglo XX |
| 650 #7 - SUBJECT ADDED ENTRY--TOPICAL TERM | |
| Source of heading or term | armarc |
| Topical term or geographic name entry element | Refugiados políticos |
| Geographic subdivision | Unión Soviética |
| 650 #7 - SUBJECT ADDED ENTRY--TOPICAL TERM | |
| Source of heading or term | armarc |
| Topical term or geographic name entry element | Feminismo |
| Geographic subdivision | Unión Soviética |
| General subdivision | Historia |
| Chronological subdivision | Siglo XX |
| 700 1# - ADDED ENTRY--PERSONAL NAME | |
| Personal name | Gancho, Claudio, |
| Relator term | traductor |
| 765 ## - ORIGINAL LANGUAGE ENTRY | |
| Main entry heading | Goricheva, Tatiana |
| Title | Von Gott zu reden ist gefährlich |
| Place, publisher, and date of publication | Friburgo de Brisgovia : Verlag Herder, ©1984 |
| 942 ## - ADDED ENTRY ELEMENTS (KOHA) | |
| Source of classification or shelving scheme | Dewey Decimal Classification |
| Koha item type | Libro |
| Classification part | 281.947 |
| Item part | G6618 |
| Withdrawn status | Lost status | Source of classification or shelving scheme | Damaged status | Not for loan | Collection code | Home library | Current library | Shelving location | Date acquired | Source of acquisition | Total Checkouts | Full call number | Barcode | Price effective from | Koha item type |
|---|---|---|---|---|---|---|---|---|---|---|---|---|---|---|---|
| Dewey Decimal Classification | General | Centro de Estudios en Ciencia y Religión | Centro de Estudios en Ciencia y Religión | Sala general | 03/12/2013 | Compra | 281.947 G6618 2009 | 47719 | 03/12/2013 | Libro |